[Event "Braunschweig"]
[Site "Braunschweig"]
[Date "2025.07.11"]
[Round "7"]
[White "Carlstedt, Jonathan"]
[Black "Redzisz, Michal"]
[Result "1-0"]
[WhiteElo "2450"]
[BlackElo "2223"]
[PlyCount "83"]
[EventDate "2025.07.07"]
[EventType "tourn"]
[EventRounds "9"]
[EventCountry "GER"]
[EventCategory "3"]
[SourceTitle "CB29_2025"]
[SourceDate "2025.07.16"]
[SourceVersion "1"]
[SourceVersionDate "2025.07.16"]
[SourceQuality "1"]

1. c4 e5 2. g3 d6 3. Bg2 f5 4. Nc3 Nf6 5. b4 Be7 6. a4 0-0 7. b5 c6 8. Nf3 e4 9. Nd4 Ng4 10. e3 Ne5 11. 0-0 Nxc4 12. d3 Ne5 13. dxe4 fxe4 14. Nxe4 d5 15. Nc3 a6 16. f4 Nf7 17. bxc6 bxc6 18. Rb1 a5 19. Rxb8 Rxb8 20. Nxc6 Qd6 21. Nxd5 Bd8 22. Nxb8 Qxb8 23. Qd4 Nd6 24. Bb2 Nf5 25. Qc3 Be6 26. g4 Bxd5 27. Bxd5+ Kh8 28. Ba3 Bf6 29. Qd3 Ne7 30. g5 Rd8 31. gxf6 Nxd5 32. f7 Nb4 33. Qf5 Qa8 34. Rc1 Rf8 35. Bb2 Qa6 36. Bd4 h6 37. Bc5 Qe2 38. Rf1 Nc2 39. Bxf8 Qxf1+ 40. Kxf1 Nxe3+ 41. Kg1 Nxf5 42. Bc5 1-0

[Event "Braunschweig"]
[Site "Braunschweig"]
[Date "2025.07.08"]
[Round "2"]
[White "Giorgadze, Giorgi2"]
[Black "Carlstedt, Jonathan"]
[Result "0-1"]
[WhiteElo "2168"]
[BlackElo "2450"]
[PlyCount "98"]
[EventDate "2025.07.07"]
[EventType "tourn"]
[EventRounds "9"]
[EventCountry "GER"]
[EventCategory "3"]
[SourceTitle "CB29_2025"]
[SourceDate "2025.07.16"]
[SourceVersion "1"]
[SourceVersionDate "2025.07.16"]
[SourceQuality "1"]

1. e4 c5 2. Nf3 d6 3. d4 cxd4 4. Nxd4 Nf6 5. f3 e5 6. Nb3 Be7 7. c4 a5 8. Be3 0-0 9. Nc3 Be6 10. Be2 Nc6 11. 0-0 a4 12. Nc1 Nh5 13. Nxa4 Bg5 14. Bf2 Nd4 15. b3 Bxc1 16. Rxc1 Qg5 17. Bxd4 exd4 18. Kh1 Qh6 19. Qe1 Bd7 20. Qh4 Bxa4 21. bxa4 Nf4 22. Qxh6 gxh6 23. Bd1 Nd3 24. Rc2 Nc5 25. Rd2 d3 26. Bb3 f5 27. exf5 Rxf5 28. Rfd1 Re5 29. Kg1 Re3 30. Kf2 Rae8 31. a5 Kg7 32. Kf1 Kf6 33. Rf2 Ke5 34. Re1 Kd4 35. Rxe3 Rxe3 36. Bd1 Kc3 37. f4 Re8 38. f5 d2 39. Re2 Ne4 40. g4 Kd3 41. Rg2 Re5 42. h4 h5 43. f6 Nxf6 44. Rg3+ Re3 45. Rxe3+ Kxe3 46. g5 Ng4 47. Kg1 Kd3 48. a3 Kxc4 49. Kf1 Ne3+ 0-1

[Event "Itzehoe op"]
[Site "Itzehoe"]
[Date "2025.05.29"]
[Round "1"]
[White "Carlstedt, Jonathan"]
[Black "Walloschek, Christian"]
[Result "1-0"]
[WhiteElo "2448"]
[BlackElo "1718"]
[PlyCount "81"]
[EventDate "2025.05.29"]
[EventType "swiss"]
[EventRounds "7"]
[EventCountry "GER"]
[SourceTitle "CB23_2025"]
[SourceDate "2025.06.04"]
[SourceVersion "1"]
[SourceVersionDate "2025.06.04"]
[SourceQuality "1"]

1. c4 Nf6 2. g3 e6 3. Bg2 c5 4. Nf3 Nc6 5. 0-0 Be7 6. b3 0-0 7. Bb2 d5 8. cxd5 exd5 9. d4 Be6 10. Nc3 Rc8 11. dxc5 Bxc5 12. Rc1 Bb6 13. Na4 Re8 14. Nxb6 Qxb6 15. Bxf6 gxf6 16. Qd2 Kg7 17. Rfd1 Ne7 18. Nd4 Rxc1 19. Rxc1 Rc8 20. Rxc8 Nxc8 21. Bxd5 Ne7 22. Bxe6 fxe6 23. Qc3 e5 24. Nf3 Qd6 25. Qd2 Nf5 26. Qxd6 Nxd6 27. Nd2 b5 28. a3 Kf7 29. Kf1 Ke6 30. e4 Nb7 31. Ke2 Kd6 32. f4 h5 33. Ke3 Nc5 34. b4 Ne6 35. Nf3 a6 36. h3 Ng7 37. f5 Ke7 38. g4 Kf7 39. g5 fxg5 40. Nxe5+ Kg8 41. Nd7 1-0

[Event "Blumenthal Johann Memorial op"]
[Site "Blumenthal"]
[Date "2025.05.04"]
[Round "5"]
[White "Carlstedt, Jonathan"]
[Black "Ermitsch, Magnus"]
[Result "1-0"]
[WhiteElo "2448"]
[BlackElo "2406"]
[PlyCount "121"]
[EventDate "2025.05.02"]
[EventType "swiss"]
[EventRounds "5"]
[EventCountry "GER"]
[SourceTitle "CB19_2025"]
[SourceDate "2025.05.07"]
[SourceVersion "1"]
[SourceVersionDate "2025.05.07"]
[SourceQuality "1"]

1. Nf3 Nf6 2. b3 d5 3. Bb2 e6 4. e3 Be7 5. d4 0-0 6. Nbd2 b6 7. Bd3 Bb7 8. 0-0 Nbd7 9. c4 Ne4 10. Rc1 c5 11. cxd5 exd5 12. Qe2 Bf6 13. Rfd1 Re8 14. Nf1 Qe7 15. Ng3 g6 16. Bb5 Red8 17. dxc5 Ndxc5 18. Bxf6 Qxf6 19. Nxe4 dxe4 20. Nd4 a6 21. Bc4 Nd7 22. Qg4 Ne5 23. Qg3 Rac8 24. Be2 Rc5 25. b4 Rcd5 26. h4 h5 27. Rc7 R8d7 28. Rxd7 Rxd7 29. Bxh5 Nd3 30. Bg4 Rd8 31. a3 Kg7 32. Be2 Rh8 33. Bxd3 exd3 34. Qg5 Qxg5 35. hxg5 Rh5 36. Rxd3 Rxg5 37. f3 Rd5 38. Kf2 Kf6 39. e4 Rd7 40. Ke3 Rc7 41. Ne2 Ke5 42. f4+ Ke6 43. g4 f6 44. Nd4+ Ke7 45. f5 g5 46. Ne2 Rc2 47. e5 fxe5 48. Rc3 Be4 49. Kxe4 Rxe2+ 50. Re3 Rc2 51. Kxe5 Kf7 52. Rg3 Rc4 53. Rh3 Rxg4 54. Rh7+ Kg8 55. Rb7 Rg3 56. Kf6 Rc3 57. Kg6 Rc8 58. f6 g4 59. Rg7+ Kh8 60. Rh7+ Kg8 61. f7+ 1-0

[Event "Titled Tuesday intern op 10th Sep Late"]
[Site "Chess,com INT"]
[Date "2024.09.10"]
[Round "4"]
[White "Carlstedt, Jonathan"]
[Black "Zakhartsov, Vladimir"]
[Result "0-1"]
[WhiteElo "2409"]
[BlackElo "2492"]
[PlyCount "58"]
[EventDate "2024.09.10"]
[EventType "swiss (blitz)"]
[EventRounds "11"]
[EventCountry "USA"]
[SourceTitle "EXT 2025"]
[Source "ChessBase"]
[SourceDate "2024.10.14"]
[SourceVersion "1"]
[SourceVersionDate "2024.10.14"]
[SourceQuality "1"]

1. c4 e6 2. g3 d5 3. Bg2 c6 4. Nf3 dxc4 5. 0-0 Nd7 6. Qc2 b5 7. a4 Bb7 8. Nd4 a6 9. Nc3 Qb6 10. axb5 cxb5 11. Bxb7 Qxb7 12. d3 cxd3 13. Qxd3 Ngf6 14. Qf3 Qxf3 15. exf3 b4 16. Ne4 Be7 17. Be3 0-0 18. Nc6 Rfe8 19. Rfc1 Bf8 20. Kf1 Nd5 21. Ke2 h6 22. h4 Rec8 23. f4 Rc7 24. Nd4 Rxc1 25. Rxc1 a5 26. b3 f5 27. Nd2 Nc3+ 28. Ke1 Nc5 29. Nc6 Nd3+ 0-1

[Event "Titled Tuesday intern op 10th Sep Late"]
[Site "Chess,com INT"]
[Date "2024.09.10"]
[Round "1"]
[White "De Souza, Arthur Olintho"]
[Black "Carlstedt, Jonathan"]
[Result "0-1"]
[WhiteElo "2113"]
[BlackElo "2409"]
[PlyCount "58"]
[EventDate "2024.09.10"]
[EventType "swiss (blitz)"]
[EventRounds "11"]
[EventCountry "USA"]
[SourceTitle "EXT 2025"]
[Source "ChessBase"]
[SourceDate "2024.10.14"]
[SourceVersion "1"]
[SourceVersionDate "2024.10.14"]
[SourceQuality "1"]

1. e4 g6 2. d4 Bg7 3. Nc3 d6 4. Nge2 a6 5. a4 Nc6 6. h3 e5 7. Be3 exd4 8. Nxd4 Nge7 9. g3 0-0 10. Bg2 Ne5 11. b3 c5 12. Nde2 Be6 13. 0-0 Rb8 14. a5 Qd7 15. Kh2 N5c6 16. Qd2 Rbd8 17. Rad1 Qc7 18. Bf4 Ne5 19. Nd5 Nxd5 20. exd5 Bc8 21. Bh6 Rde8 22. Bxg7 Kxg7 23. Qc3 Kg8 24. Nf4 h5 25. b4 c4 26. Rfe1 Qd8 27. Re3 h4 28. g4 Qf6 29. Rde1 Qxf4+ 0-1

[Event "Titled Tuesday intern op 10th Sep Late"]
[Site "Chess,com INT"]
[Date "2024.09.10"]
[Round "2"]
[White "Margvelashvili, Giorgi"]
[Black "Carlstedt, Jonathan"]
[Result "0-1"]
[WhiteElo "2531"]
[BlackElo "2409"]
[PlyCount "152"]
[EventDate "2024.09.10"]
[EventType "swiss (blitz)"]
[EventRounds "11"]
[EventCountry "USA"]
[SourceTitle "EXT 2025"]
[Source "ChessBase"]
[SourceDate "2024.10.14"]
[SourceVersion "1"]
[SourceVersionDate "2024.10.14"]
[SourceQuality "1"]

1. Nf3 d6 2. d4 g6 3. g3 Bg7 4. Bg2 Nd7 5. 0-0 e5 6. e4 Ne7 7. Nc3 0-0 8. Re1 c6 9. a4 Qc7 10. b3 a5 11. Ba3 exd4 12. Nxd4 Nc5 13. Qd2 Bd7 14. Rad1 Rad8 15. h3 Bc8 16. Nde2 Rfe8 17. Kh1 b6 18. f4 Be6 19. Qc1 d5 20. e5 Nf5 21. Kh2 d4 22. Bxc5 bxc5 23. Ne4 c4 24. Nc5 Bd5 25. Nxd4 Nxd4 26. Rxd4 Qa7 27. Red1 Qxc5 28. bxc4 f6 29. cxd5 fxe5 30. fxe5 Bxe5 31. R4d3 cxd5 32. Qg5 d4 33. c3 Qe7 34. Qxe7 Rxe7 35. cxd4 Bd6 36. R1d2 Rb8 37. Rc2 Rb4 38. Bc6 h5 39. Kg2 Kg7 40. h4 Rc7 41. d5 Re7 42. Bb5 Rg4 43. Rc4 Re2+ 44. Kf1 Ree4 45. Rxe4 Rxe4 46. Kf2 Kf6 47. Kf3 Ke5 48. Bc6 Re1 49. Kf2 Re4 50. Kf3 Re1 51. Be8 Kf6 52. Bb5 Ke5 53. Kf2 Re4 54. Bc6 Bc5+ 55. Kf3 Bd6 56. Rb3 Rb4 57. Rc3 Kd4 58. Rc1 Rb3+ 59. Ke2 Rxg3 60. Rd1+ Ke5 61. Rf1 Rg2+ 62. Kd3 Rg3+ 63. Ke2 Rg2+ 64. Kf3 Rg4 65. Re1+ Kd4 66. Re6 Kc5 67. Ke2 Rxh4 68. Rxg6 Rg4 69. Rh6 h4 70. Kf2 Rf4+ 71. Ke3 Rg4 72. Ke2 Rg2+ 73. Kf3 Rg3+ 74. Kf2 h3 75. Rxd6 Rg2+ 76. Kf3 Kxd6 0-1

[Event "Titled Tuesday intern op 27th Aug Late"]
[Site "Chess.com INT"]
[Date "2024.08.27"]
[Round "1"]
[White "Carlstedt, Jonathan"]
[Black "Montano Vicente, Guadalupe"]
[Result "1/2-1/2"]
[WhiteElo "2414"]
[BlackElo "1950"]
[PlyCount "81"]
[EventDate "2024.08.27"]
[EventType "swiss (blitz)"]
[EventRounds "11"]
[EventCountry "USA"]
[SourceTitle "EXT 2025"]
[Source "ChessBase"]
[SourceDate "2024.10.14"]
[SourceVersion "1"]
[SourceVersionDate "2024.10.14"]
[SourceQuality "1"]

1. c4 Nf6 2. g3 d5 3. cxd5 Nxd5 4. Bg2 Nb6 5. Nc3 Nc6 6. Nf3 e5 7. 0-0 Be7 8. d3 0-0 9. Be3 Be6 10. Rc1 Nd5 11. Nxd5 Bxd5 12. b3 Re8 13. Nd2 Bxg2 14. Kxg2 Qd5+ 15. Kg1 Rac8 16. Qc2 Nd4 17. Bxd4 exd4 18. Qc4 Qxc4 19. Nxc4 Bb4 20. Rc2 b5 21. Nb2 c5 22. Nd1 g6 23. f4 f5 24. Kf2 Re7 25. h4 Rce8 26. h5 Kg7 27. Rh1 Re6 28. Kf3 R8e7 29. h6+ Kf6 30. Rh2 a5 31. g4 fxg4+ 32. Kxg4 a4 33. Nf2 Rc7 34. Ne4+ Ke7 35. f5 gxf5+ 36. Kxf5 Rg6 37. bxa4 bxa4 38. Rh5 Rcc6 39. Rg5 Rxh6 40. Rg7+ Kf8 41. Ra7 1/2-1/2

[Event "Titled Tuesday intern op 13th Aug Late"]
[Site "Chess.com INT"]
[Date "2024.08.13"]
[Round "6"]
[White "Carlstedt, Jonathan"]
[Black "Kadric, Denis"]
[Result "0-1"]
[WhiteElo "2414"]
[BlackElo "2553"]
[PlyCount "122"]
[EventDate "2024.08.13"]
[EventType "swiss (blitz)"]
[EventRounds "11"]
[EventCountry "USA"]
[SourceTitle "EXT 2025"]
[Source "ChessBase"]
[SourceDate "2024.10.14"]
[SourceVersion "1"]
[SourceVersionDate "2024.10.14"]
[SourceQuality "1"]

1. c4 d6 2. g3 e5 3. Bg2 f5 4. Nc3 Be7 5. d3 Nf6 6. e3 0-0 7. Nge2 c6 8. f4 a5 9. 0-0 Na6 10. b3 Be6 11. Qd2 Qc7 12. Bb2 Kh8 13. h3 Rad8 14. Kh2 Nc5 15. Rac1 Qc8 16. Qc2 Bf7 17. Rcd1 Bh5 18. Rd2 Na6 19. a3 Rde8 20. d4 e4 21. d5 c5 22. Nb5 b6 23. Bc3 Nc7 24. Na7 Qd7 25. Nc6 Rg8 26. b4 axb4 27. axb4 Ra8 28. bxc5 bxc5 29. Qb2 Ra4 30. Qb3 Rga8 31. Rc1 Bf8 32. Bxf6 gxf6 33. Qb2 Bg7 34. Rcc2 Na6 35. Qb3 Nb4 36. Nxb4 Rxb4 37. Qc3 Raa4 38. g4 fxg4 39. Ra2 f5 40. Qc2 Rxc4 41. Rxa4 Qxa4 42. Qb1 Rb4 43. Qc1 Qb3 44. Ng3 Bg6 45. hxg4 Qxe3 46. gxf5 Bf7 47. Rc2 Qxc1 48. Rxc1 Bxd5 49. Rd1 Rd4 50. Rxd4 Bxd4 51. Bxe4 Bxe4 52. Nxe4 d5 53. Nd6 c4 54. Nb5 Bb2 55. Kg2 d4 56. Kf3 d3 57. Ke3 Bc1+ 58. Kd4 d2 59. Nc3 Bb2 60. Kxc4 Bxc3 61. Kxc3 d1Q 0-1

[Event "Titled Tuesday intern op 13th Aug Late"]
[Site "Chess.com INT"]
[Date "2024.08.13"]
[Round "5"]
[White "Ragger, Markus"]
[Black "Carlstedt, Jonathan"]
[Result "0-1"]
[WhiteElo "2603"]
[BlackElo "2414"]
[PlyCount "68"]
[EventDate "2024.08.13"]
[EventType "swiss (blitz)"]
[EventRounds "11"]
[EventCountry "USA"]
[SourceTitle "EXT 2025"]
[Source "ChessBase"]
[SourceDate "2024.10.14"]
[SourceVersion "1"]
[SourceVersionDate "2024.10.14"]
[SourceQuality "1"]

1. d4 d5 2. Nf3 Nf6 3. c4 e6 4. g3 c5 5. Bg2 Be7 6. cxd5 exd5 7. 0-0 0-0 8. dxc5 Bxc5 9. Bg5 Nc6 10. Qc1 Bb6 11. Nc3 d4 12. Ne4 Re8 13. Nh4 Bg4 14. Bxf6 gxf6 15. Qf4 Bxe2 16. Nxf6+ Kh8 17. Qf5 Bd3 18. Qf4 Re6 19. Nd5 Bxf1 20. Rxf1 d3 21. Nf5 Ne5 22. Rd1 Ng6 23. Qc4 Re5 24. Qxd3 Qd7 25. h4 Qxf5 26. Qd2 Qe6 27. Nxb6 axb6 28. Qc3 f6 29. h5 Rxh5 30. Bxb7 Re8 31. Bf3 Re5 32. Kg2 Rg8 33. Rd2 Nf4+ 34. Kf1 Re1# 0-1

[Event "Titled Tuesday intern op 06th Aug Late"]
[Site "Chess.com INT"]
[Date "2024.08.06"]
[Round "3"]
[White "Carlstedt, Jonathan"]
[Black "Bardyk, Artem"]
[Result "1-0"]
[WhiteElo "2414"]
[BlackElo "2277"]
[PlyCount "77"]
[EventDate "2024.08.06"]
[EventType "swiss (blitz)"]
[EventRounds "11"]
[EventCountry "USA"]
[SourceTitle "EXT 2025"]
[Source "ChessBase"]
[SourceDate "2024.10.14"]
[SourceVersion "1"]
[SourceVersionDate "2024.10.14"]
[SourceQuality "1"]

1. c4 e6 2. g3 d5 3. Bg2 Nf6 4. Nf3 c6 5. 0-0 Nbd7 6. b3 e5 7. cxd5 cxd5 8. Bb2 Bd6 9. Nc3 a6 10. Rc1 0-0 11. d3 Re8 12. Nd2 Nb6 13. a4 Bb4 14. Na2 Bxd2 15. Qxd2 d4 16. e3 Be6 17. exd4 exd4 18. Bxb7 Bxb3 19. Nb4 Rb8 20. Bg2 Bxa4 21. Nxa6 Rc8 22. Qb4 Rxc1 23. Rxc1 h5 24. Bxd4 Nfd5 25. Bxd5 Qxd5 26. Nc7 Qf3 27. Nxe8 h4 28. Bxb6 Bc6 29. Rxc6 h3 30. Kf1 Qd1+ 31. Qe1 Qxd3+ 32. Kg1 Qf3 33. Qf1 Qxc6 34. Qxh3 Qxe8 35. Be3 Qc6 36. Qf5 Qa6 37. h4 Qa1+ 38. Kg2 Qb1 39. Qxb1 1-0

[Event "Titled Tuesday intern op 06th Aug Late"]
[Site "Chess.com INT"]
[Date "2024.08.06"]
[Round "6"]
[White "Carlstedt, Jonathan"]
[Black "Paichadze, Luka"]
[Result "0-1"]
[WhiteElo "2414"]
[BlackElo "2516"]
[PlyCount "74"]
[EventDate "2024.08.06"]
[EventType "swiss (blitz)"]
[EventRounds "11"]
[EventCountry "USA"]
[SourceTitle "EXT 2025"]
[Source "ChessBase"]
[SourceDate "2024.10.14"]
[SourceVersion "1"]
[SourceVersionDate "2024.10.14"]
[SourceQuality "1"]

1. c4 Nf6 2. g3 e6 3. Bg2 d5 4. Nf3 Be7 5. 0-0 0-0 6. b3 c5 7. cxd5 exd5 8. d4 b6 9. Nc3 Nc6 10. Bb2 Ba6 11. Rc1 Rc8 12. Re1 Re8 13. dxc5 bxc5 14. Na4 c4 15. Bd4 Ne4 16. Be3 Ba3 17. Rb1 c3 18. Bc1 c2 19. Qxc2 Nd4 20. Nxd4 Rxc2 21. Nxc2 Bxc1 22. Rbxc1 Qf6 23. Bxe4 Rxe4 24. Nc5 Rxe2 25. Nxa6 Qxa6 26. Nb4 Rxe1+ 27. Rxe1 Qb5 28. Nxd5 h6 29. Nc3 Qa5 30. Re3 g5 31. g4 Qb4 32. h3 h5 33. gxh5 Kg7 34. Kg2 Kh6 35. Rf3 Qb7 36. Kg3 f5 37. h4 f4+ 0-1

[Event "Titled Tuesday intern op 30th Jul Late"]
[Site "Chess.com INT"]
[Date "2024.07.30"]
[Round "2"]
[White "Carlstedt, Jonathan"]
[Black "Svane, Rasmus"]
[Result "0-1"]
[WhiteElo "2429"]
[BlackElo "2633"]
[PlyCount "136"]
[EventDate "2024.07.30"]
[EventType "swiss (blitz)"]
[EventRounds "11"]
[EventCountry "USA"]
[SourceTitle "EXT 2025"]
[Source "ChessBase"]
[SourceDate "2024.10.14"]
[SourceVersion "1"]
[SourceVersionDate "2024.10.14"]
[SourceQuality "1"]

1. c4 e6 2. g3 d5 3. Nf3 Nf6 4. Bg2 Be7 5. 0-0 0-0 6. b3 d4 7. e3 c5 8. exd4 cxd4 9. d3 Nc6 10. Bg5 Nd7 11. Bxe7 Qxe7 12. Nbd2 e5 13. Re1 a5 14. a3 Nc5 15. Qc2 Bf5 16. Ne4 Bxe4 17. dxe4 Rfd8 18. Rab1 d3 19. Qc3 a4 20. b4 Nb3 21. Nd2 Ncd4 22. Nxb3 axb3 23. Qxd3 Rxa3 24. Qc3 g6 25. Kh1 Ra2 26. f3 Rc2 27. Qd3 Qxb4 28. f4 Qd2 29. Qxd2 Rxd2 30. fxe5 Ra8 31. e6 fxe6 32. c5 Raa2 33. Rg1 Nf3 34. Rgf1 Nd4 35. Rg1 Rac2 36. e5 Rxc5 37. Bxb7 Rcc2 38. Rg2 Rxg2 39. Bxg2 b2 40. Bf1 Rc1 41. Rxb2 Rxf1+ 42. Kg2 Rf5 43. Rb8+ Kg7 44. Rb7+ Rf7 45. Rb6 Re7 46. Rd6 Nf5 47. Ra6 Ne3+ 48. Kf3 Nd5 49. Ke4 g5 50. h4 Kg6 51. hxg5 Kxg5 52. Ra8 Rg7 53. Re8 Rg6 54. Rh8 h5 55. Kf3 Ne7 56. Re8 Nf5 57. Rh8 Rg7 58. Re8 Ra7 59. Kg2 Ra2+ 60. Kh3 Nd4 61. Rg8+ Kf5 62. Rh8 Kxe5 63. Rxh5+ Ke4 64. Rh4+ Kd5 65. Rh5+ e5 66. g4 Ke4 67. g5 Kf4 68. g6 Nf3 0-1

[Event "Bad Pyrmont Pape op 3rd"]
[Site "Bad Pyrmont"]
[Date "2024.07.26"]
[Round "3"]
[White "Burkhardt, Holger"]
[Black "Carlstedt, Jonathan"]
[Result "0-1"]
[WhiteElo "2067"]
[BlackElo "2429"]
[PlyCount "54"]
[EventDate "2024.07.25"]
[EventType "swiss"]
[EventRounds "7"]
[EventCountry "GER"]
[SourceTitle "CBM 221 Extra"]
[Source "ChessBase"]
[SourceDate "2024.09.30"]
[SourceVersion "1"]
[SourceVersionDate "2024.09.30"]
[SourceQuality "1"]

1. e4 e5 2. Nf3 Nc6 3. Nc3 Nf6 4. Bb5 Bd6 5. d3 0-0 6. Bg5 h6 7. Bh4 Nd4 8. Bc4 c6 9. Nxd4 exd4 10. Ne2 Re8 11. 0-0 Bxh2+ 12. Kxh2 Ng4+ 13. Kh3 g5 14. Nxd4 d5 15. Nf5 Nf6 16. g4 Bxf5 17. gxf5 dxc4 18. Rg1 cxd3 19. cxd3 Qd4 20. Bg3 Rad8 21. e5 Rxe5 22. Bxe5 Qxe5 23. Qf3 Rd4 24. Rae1 Qd6 25. Qg3 Qd7 26. Qe5 Kg7 27. f4 Rd5 0-1

[Event "Bad Pyrmont Pape op 3rd"]
[Site "Bad Pyrmont"]
[Date "2024.07.25"]
[Round "1"]
[White "Henkemeier, Michael"]
[Black "Carlstedt, Jonathan"]
[Result "0-1"]
[WhiteElo "1896"]
[BlackElo "2429"]
[PlyCount "52"]
[EventDate "2024.07.25"]
[EventType "swiss"]
[EventRounds "7"]
[EventCountry "GER"]
[SourceTitle "CBM 221 Extra"]
[Source "ChessBase"]
[SourceDate "2024.09.30"]
[SourceVersion "1"]
[SourceVersionDate "2024.09.30"]
[SourceQuality "1"]

1. d4 d5 2. Nf3 Nf6 3. c4 e6 4. Nc3 c5 5. e3 a6 6. Ne5 Bd6 7. Be2 Qc7 8. f4 Nc6 9. 0-0 cxd4 10. exd4 Nxd4 11. cxd5 Nxe2+ 12. Qxe2 0-0 13. Bd2 exd5 14. Rac1 Qe7 15. Rfe1 Bf5 16. Qf3 Be4 17. Qg3 Rfe8 18. Kh1 Bxe5 19. fxe5 Qxe5 20. Bf4 Qf5 21. Be3 Rac8 22. Bd4 Nh5 23. Qh4 Nf4 24. Nxe4 Rxc1 25. Rxc1 Qxe4 26. Qf2 Nd3 0-1

[Event "Titled Tuesday intern op 16th Jul Late"]
[Site "Chess.com INT"]
[Date "2024.07.16"]
[Round "1"]
[White "Carlstedt, Jonathan"]
[Black "Chabris, Christopher"]
[Result "1-0"]
[WhiteElo "2429"]
[BlackElo "2054"]
[PlyCount "87"]
[EventDate "2024.07.16"]
[EventType "swiss (blitz)"]
[EventRounds "11"]
[EventCountry "USA"]
[SourceTitle "EXT 2025"]
[Source "ChessBase"]
[SourceDate "2024.10.14"]
[SourceVersion "1"]
[SourceVersionDate "2024.10.14"]
[SourceQuality "1"]

1. c4 e5 2. g3 Nf6 3. Bg2 Nc6 4. Nc3 Bb4 5. Nd5 0-0 6. Nf3 a5 7. 0-0 Re8 8. d3 h6 9. a3 Bc5 10. Bd2 a4 11. Bc3 d6 12. Nd2 Nxd5 13. cxd5 Ne7 14. e4 f5 15. exf5 Nxf5 16. Ne4 Bd4 17. Qh5 Rf8 18. Rac1 Bd7 19. Bh3 Bb6 20. Kg2 Qe8 21. Qxe8 Raxe8 22. Rc2 Bb5 23. Rd1 Re7 24. Bg4 g6 25. h4 Kh7 26. h5 Nd4 27. hxg6+ Kxg6 28. Bxd4 Bxd4 29. f3 h5 30. Bh3 Ref7 31. Rdd2 Rxf3 32. Rxc7 Rf1 33. Nxd6 R8f2+ 34. Rxf2 Rxf2+ 35. Kh1 Bxd3 36. Bg2 Rxb2 37. Be4+ Bxe4+ 38. Nxe4 Kf5 39. d6 Kg4 40. d7 Rb1+ 41. Kg2 Rb2+ 42. Kf1 Rb1+ 43. Ke2 Rb2+ 44. Nd2 1-0

[Event "Titled Tuesday intern op 18th Jun Late"]
[Site "Chess.com INT"]
[Date "2024.06.18"]
[Round "2"]
[White "Carlstedt, Jonathan"]
[Black "Kadric, Denis"]
[Result "1-0"]
[WhiteElo "2429"]
[BlackElo "2545"]
[PlyCount "56"]
[EventDate "2024.06.18"]
[EventType "swiss (blitz)"]
[EventRounds "11"]
[EventCountry "USA"]
[SourceTitle "EXT 2025"]
[Source "ChessBase"]
[SourceDate "2024.10.14"]
[SourceVersion "1"]
[SourceVersionDate "2024.10.14"]
[SourceQuality "1"]

1. c4 d6 2. g3 g6 3. Bg2 Bg7 4. Nc3 Nh6 5. e4 0-0 6. Nge2 e5 7. 0-0 c6 8. d3 f5 9. f4 Na6 10. h3 Be6 11. Kh2 fxe4 12. Nxe4 Nf7 13. fxe5 dxe5 14. Be3 Qe7 15. a3 Rfd8 16. Qc2 Rd7 17. Rad1 Rad8 18. b4 Bf5 19. N2c3 h6 20. g4 Be6 21. Kh1 Kh7 22. Bxa7 b5 23. Bc5 Nxc5 24. Nxc5 Rd6 25. cxb5 cxb5 26. Nxb5 Rb6 27. Nc3 Qh4 28. Nxe6 Rxe6 1-0

[Event "Titled Tuesday intern op 18th Jun Early"]
[Site "Chess.com INT"]
[Date "2024.06.18"]
[Round "2"]
[White "Carlstedt, Jonathan"]
[Black "Plyasunov, Daniil"]
[Result "0-1"]
[WhiteElo "2429"]
[BlackElo "2289"]
[PlyCount "94"]
[EventDate "2024.06.18"]
[EventType "swiss (blitz)"]
[EventRounds "11"]
[EventCountry "USA"]
[SourceTitle "EXT 2025"]
[Source "ChessBase"]
[SourceDate "2024.10.14"]
[SourceVersion "1"]
[SourceVersionDate "2024.10.14"]
[SourceQuality "1"]

1. c4 e6 2. g3 d5 3. Nf3 Nf6 4. Bg2 d4 5. e3 c5 6. exd4 cxd4 7. d3 Nc6 8. 0-0 h6 9. a3 a5 10. Re1 Bd6 11. Bf4 Bxf4 12. gxf4 0-0 13. Ne5 Qc7 14. Nd2 Bd7 15. Ndf3 Rad8 16. Rb1 Nh5 17. Nxd7 Rxd7 18. Ne5 Nxe5 19. fxe5 Nf4 20. Qf3 Ng6 21. Qg3 Ra8 22. f4 Ne7 23. Be4 a4 24. Kf2 Rb8 25. Rg1 g6 26. Rgc1 Qa5 27. Ke2 b5 28. Qe1 Qa7 29. c5 Rc7 30. Qb4 Nc6 31. Bxc6 Rxc6 32. Rc2 Qd7 33. Kf2 Qd5 34. b3 axb3 35. Rxb3 Rbc8 36. Qxb5 Rxc5 37. Rxc5 Rxc5 38. Qe8+ Kg7 39. Rb2 Qh1 40. Qe7 Qxh2+ 41. Kf3 Qh3+ 42. Kf2 Qh2+ 43. Kf3 Qxb2 44. Qxc5 Qa1 45. Qe7 Qh1+ 46. Kg3 Qe1+ 47. Kf3 Qe3+ 0-1

[Event "Titled Tuesday intern op 18th Jun Early"]
[Site "Chess.com INT"]
[Date "2024.06.18"]
[Round "3"]
[White "Cogan, Nicolas"]
[Black "Carlstedt, Jonathan"]
[Result "0-1"]
[WhiteElo "2112"]
[BlackElo "2429"]
[PlyCount "54"]
[EventDate "2024.06.18"]
[EventType "swiss (blitz)"]
[EventRounds "11"]
[EventCountry "USA"]
[SourceTitle "EXT 2025"]
[Source "ChessBase"]
[SourceDate "2024.10.14"]
[SourceVersion "1"]
[SourceVersionDate "2024.10.14"]
[SourceQuality "1"]

1. d4 Nf6 2. c4 e6 3. Nc3 Bb4 4. Bd2 0-0 5. e3 d5 6. cxd5 exd5 7. Bd3 c5 8. Nge2 Nc6 9. 0-0 cxd4 10. Nxd4 Nxd4 11. exd4 Bg4 12. Qb3 Bd6 13. Bg5 Be6 14. Rfe1 b6 15. Rac1 Bxh2+ 16. Kh1 Bb8 17. Ne2 h6 18. Bh4 g5 19. Bg3 Ng4 20. Kg1 Qf6 21. f3 Bxg3 22. Nxg3 Qxd4+ 23. Kh1 Nf2+ 24. Kh2 Nxd3 25. Rcd1 Qh4+ 26. Kg1 Nxe1 27. Rxe1 Qxg3 0-1

[Event "Titled Tuesday intern op 04th Jun Late"]
[Site "Chess.com INT"]
[Date "2024.06.04"]
[Round "2"]
[White "Carlstedt, Jonathan"]
[Black "Grigoriants, Sergey"]
[Result "0-1"]
[WhiteElo "2429"]
[BlackElo "2536"]
[PlyCount "78"]
[EventDate "2024.06.04"]
[EventType "swiss (blitz)"]
[EventRounds "11"]
[EventCountry "USA"]
[SourceTitle "EXT 2025"]
[Source "ChessBase"]
[SourceDate "2024.10.14"]
[SourceVersion "1"]
[SourceVersionDate "2024.10.14"]
[SourceQuality "1"]

1. c4 e5 2. g3 Nf6 3. Bg2 c6 4. d4 e4 5. d5 Bb4+ 6. Bd2 Bxd2+ 7. Qxd2 cxd5 8. cxd5 0-0 9. Nc3 Re8 10. e3 d6 11. Nge2 Nbd7 12. 0-0 h5 13. h4 Nc5 14. b4 Na6 15. a3 Bg4 16. Nf4 Nb8 17. Rfc1 a6 18. Qd4 Qe7 19. Na4 Nbd7 20. Rc7 Qd8 21. Rxb7 Qc8 22. Ra7 Rxa7 23. Qxa7 Qc2 24. Qxa6 Ne5 25. Nb6 Nf3+ 26. Bxf3 Bxf3 27. Qc4 Qb2 28. Qd4 Qc2 29. a4 Ng4 30. Nh3 Ne5 31. Ng5 Nd3 32. Rf1 Be2 33. Nh3 Bxf1 34. Kxf1 Qd1+ 35. Kg2 Ne1+ 36. Kh2 Nf3+ 37. Kg2 Nxd4 38. exd4 e3 39. a5 e2 0-1